|
|
|
|
| LEADER |
00000nab a2200000 a 4500 |
| 001 |
vtls000589464 |
| 003 |
SK-MaSNL |
| 005 |
20260304102619.0 |
| 008 |
250425c1996 xo 0 slo |
| 015 |
|
|
|a SNBRB19rr/mm-uuuuu
|
| 035 |
|
|
|a CL0589603
|
| 035 |
|
|
|a urn:nbn:sk:snk-ab6vqc
|
| 035 |
|
|
|a (uuid)84dde7e8-d569-4022-9fdc-0b5e5044a8e1
|
| 035 |
|
|
|a (urnnbn)urn:nbn:sk:snk:ar-a06124
|
| 035 |
|
|
|a (sysno)vtls000589464
|
| 040 |
|
|
|a SNKBUCL
|b slo
|c SNKBUCL
|e AACR2
|
| 041 |
0 |
|
|a slo
|
| 044 |
|
|
|a xo
|c SK
|
| 080 |
|
|
|a 613.2:616.1-084
|2 1981
|
| 080 |
|
|
|a 616.1-084
|2 1981
|
| 100 |
1 |
|
|a Bukovský, Igor,
|d 1966-
|4 aut
|9 132858
|
| 245 |
1 |
0 |
|a Zdravé srdce - Čo môžeme urobiť sami?
|c Igor Bukovský
|
| 650 |
0 |
7 |
|a kardiovaskulárne choroby
|2 snkbucl
|9 2500
|
| 650 |
0 |
7 |
|a racionálna výživa
|2 snkbucl
|9 2578
|
| 655 |
|
7 |
|a články z novín a časopisov
|2 snkbucl
|9 267496
|
| 773 |
0 |
|
|t Výživa a zdravie
|g Roč. 41, č. 2 (1996), s. 36-37
|x 0042-9406
|
| 850 |
|
|
|a Slovenská národná knižnica
|
| 852 |
|
|
|a Slovenská národná knižnica
|
| 954 |
|
|
|a odborná, vedecká literatúra pôvodná (slovenská)
|2 lita
|
| 958 |
|
|
|a article27
|
| 958 |
|
|
|a RK
|
| 958 |
|
|
|a MI
|
| 958 |
|
|
|a OND
|
| 958 |
|
|
|a EUIPO
|
| 992 |
|
|
|a RBX
|
| 999 |
|
|
|c 2845721
|d 2847651
|